000 00598ntaaa2200205 4500
003 01
005 20251027202237.0
008 0714s1973 ag 01
040 _aAR-BaBN
_bspa
_cAR-BaBN
_eaacr
_dRIC
082 _a268.1300 C15v
100 _aCampbell, Viola D
_94599
245 _aVenid, adoremos
250 _a1 ed.
260 _aEl Paso :
_bCasa Bautista de publicaciones,
_c1972
300 _a80, 16 p
500 _aEscuela bíblica de vacaciones. Libro de texto para el maestro. Primarios C.
650 _aescuela bíblica de vacaciones
700 _aArmengol, Norma C de
942 _cBK
999 _c17255
_d17255